Plan piloto, cantón de Palmares

Bewaard in:
Bibliografische gegevens
Hoofdauteur: Morúa Carrillo, Napoleón
Formaat: Onbekend
Gepubliceerd in: San José, Costa Rica 1958
Onderwerpen:
Tags: Voeg label toe
Geen labels, Wees de eerste die dit record labelt!

MARC

LEADER 00000 a2200000 4500
003 011052
005 20221231143803.0
008 140114s1958 cr a m 000 ||s d
040 |c cru CEDI 
090 |a TFG 097 
100 |a Morúa Carrillo, Napoleón  |9 17199 
245 |a Plan piloto, cantón de Palmares 
260 |c 1958  |a San José, Costa Rica 
300 |a  103 hojas : mapas (plegables) ; 28 cm  
500 |a Tesis (ingeniero civil)--Universidad de Costa Rica. Facultad de Ingeniería. Escuela de Ingeniería  
501 |a Ed. mimeografiada  
650 |x URBANISMO   |x PALMARES (ALAJUELA, COSTA RICA)  |9 17200 
942 |c TFG 
999 |c 11985  |d 11985